Stavební obzor

Saved in:
Bibliographic Details
Format: Serial
Language:Czech
Published: Praha : Fakulta stavební ČVUT
Subjects:
ISSN:1210-4027
Online Access: Get full text
Tags: Add Tag
No Tags, Be the first to tag this record!

MARC

LEADER 00000nas a2200000 4500
003 SK-BrCVT
005 20250130092944.0
008 d199u9999xr e b cze
022 |a 1210-4027 
035 |a CVTIDW1257189 
040 |b slo  |a BA002  |e AACR2  |c CVTI SR  |d CVT 
041 0 |a cze 
044 |a xr 
080 |a 69(05)  |2 UDC-MRF 
080 |a 624(05)  |2 UDC-MRF 
245 1 0 |a Stavební obzor 
260 |a Praha :  |b Fakulta stavební ČVUT 
310 |a Mesačník 
500 |a Vo fonde od roku:1994 
500 |a Od r. 1996 zanikol. 
653 1 |a stavebníctvo  |a stavebné konštrukcie  |a inžinierske staviteľstvo 
910 |b C6731 
942 |2 udc  |c 15 
999 |c 159560  |d 159560 
974 |b Soňa Beutelhauserová